Udržateľné financovanie malých a stredných podnikov bakalárska práca

Uložené v:
Podrobná bibliografia
Hlavný autor: Krahulcová, Adriána
Korporativný autor: Fakulta podnikového manažmentu EU. Katedra podnikových financií
Ďalší autori: Lukáč, Jakub, 1992-
Médium: Kniha
Jazyk:Slovak
Vydavateľské údaje: Bratislava 2025
Tagy: Pridať tag
Žiadne tagy, Buďte prvý, kto otaguje tento záznam!

MARC

LEADER 00000nbm a2200000 4500
001 0309999
005 20260108095226.4
041 0 |a slo 
044 |a SK 
245 1 0 |a Udržateľné financovanie malých a stredných podnikov  |b bakalárska práca  |c Adriána Krahulcová ; školiteľ: Jakub Lukáč 
264 1 |a Bratislava  |c 2025 
300 |a 66 s. 
100 1 |a Krahulcová, Adriána 
700 1 |a Lukáč, Jakub, 1992- 
710 2 |a Fakulta podnikového manažmentu EU. Katedra podnikových financií